000 00360 a2200157 4500
001 61254
020 _a9783126752411
040 _cAnchieta - Pituba
100 _aMatecki, Uta
240 1 0 _aDreimal deutsch
_lpor
245 1 0 _aDreimal deutsch
300 _a79
362 0 _a2011
650 4 _aLínguas germânicas (teutônicas) língua alemã
942 _cBK
999 _c61254
_d61254